000 00718nam a22002297a 4500
003 UA-OsUOA
001 46497
007 ta
008 20120224b un ||||| |||| 00| 0 ukr d
090 _a082
_bП27
942 _cBK
040 _aUA-OsUOA
_bukr
_cUA-OsUOA
_dUA-OsUOA
245 _aПерша міжнародна жіноча конференція "Українка і демократія", 7-11 липня 1993
300 _a175 с.
955 _a4
041 _aukr
080 _a082
260 _aК.
_c1993
650 7 _a08 Видання. Колективні праці
_2UDC
999 _c426604
_d426604